| 000 | 01082nam a2200313 a 4500 | ||
|---|---|---|---|
| 005 | 20200104041533.0 | ||
| 008 | 140305b2001 ck ado |r|||| 00| 0 spa d | ||
| 040 |
_aCO-BoIAVH _cCO-BoIAVH |
||
| 041 | _aspa | ||
| 044 | _ack | ||
| 082 | 0 | 4 |
_a584.4 _bA51e |
| 100 | 1 | _aAngel C., Carlos Ariel | |
| 245 | 1 | 0 |
_aEnfermedades y plagas en Cattleyas _bantecedentes e investigaciones en Colombia / _cCarlos Ariel Ángel C. [y otros 6]. |
| 260 |
_aChinchiná (Caldas) : _bCenicafé, _c2001. |
||
| 300 |
_a321 páginas : _bilustraciones, tablas, fotografías a color ; _c25 x 17 cm. |
||
| 650 | 6 | _aPlantas ornamentales | |
| 650 | 4 | _aOrquídeas | |
| 650 | 6 | _aFitopatología | |
| 650 | 6 | _aPlagas de plantas | |
| 650 | 6 | _aCattleya | |
| 662 | _aColombia | ||
| 700 | 1 | _aTsubota N., Masanobu | |
| 700 | 1 | _aLeguizamón C., Jairo E. | |
| 700 | 1 | _aCárdenas M., Reinaldo | |
| 700 | 1 | _aChaves C., Bernardo | |
| 700 | 1 | _aCadena G., Gabriel | |
| 700 | 1 | _aBustillo Pardey, Alex Enrique | |
| 942 |
_cLIBRO _2ddc |
||
| 999 |
_c2512 _d2512 |
||